| 000 | 00536nam a22001937a 4500 | ||
|---|---|---|---|
| 003 | OSt | ||
| 005 | 20191123103833.0 | ||
| 008 | 130206t xxu||||| |||| 00| 0 eng d | ||
| 020 | _a9712714705 | ||
| 050 |
_aDS 666.T32 _b.H488 2004 |
||
| 082 |
_aF959.97 _b.H488 2004 |
||
| 245 |
_aInvented Eden ; _bthe elusive, disputed history of the Tasaday _cHemley, Robin |
||
| 260 |
_aPasig City : _bAnvil, _c2004 |
||
| 300 |
_a339 p. : ill., 1 map _c24 cm. |
||
| 526 | _c1210L-1700L | ||
| 562 | _e1 | ||
| 942 |
_2lcc _cBK _kFIL |
||
| 999 |
_c17905 _d17905 |
||